000 00342nam a2200145Ia 4500
100 _aTata iron and
650 _aGeneral
942 _cBK
654 _aTata iron
245 _aTata iron and steel company limited : Reference book
260 _bTata iron and Steel co
_aCulcutta
_c1941
300 _a355
546 _aENGLISH
999 _c23681
_d23681